Les jeux Super Smash Bros - Statistiques

Statistiques générales
  • Ce quiz a été pris 214 fois
  • Le résultat moyen est 4 sur 5
Statistiques - réponses
Date de sortie Console Jeu % Correct
21 janvier 1999 Nintendo 64 Super Smash Bros.
94%
31 janvier 2008 Wii Super Smash Bros. Brawl
94%
21 novembre 2001 GameCube Super Smash Bros. Melee
94%
21 novembre 2014 Wii U Super Smash Bros. for Wii U
73%
13 septembre 2014 Nintendo 3DS Super Smash Bros. for Nintendo 3DS
69%
Aucun quiz correspondant
Distribution des résultats
% des personnes avec chaque résultat
Percentile par nombre de réponses
Votre historique - résultats
Vous n’avez pas pris ce quiz